000
00396nam a2200145Ia 4500
008
090124s9999 xx 000 0 und d
082
_b
301434
245
_a
स्वप्नगंधा
250
_a
1
260
_b
भडभडे शुभांगी
_c
1985
300
_a
180
630
_a
स्वप्नगंधा
730
_a
स्वप्नगंधा
942
_c
BOOK
999
_c
191009
_d
191009